| 000 | 00720nam a2200301Ia 4500 | ||
|---|---|---|---|
| 005 | 20260401122423.0 | ||
| 008 | 008 250103s9999 xx 000 0 eng d | ||
| 020 | _a8185753466 | ||
| 037 | _aTB | ||
| 040 | _aEDL | ||
| 040 | _beng | ||
| 040 | _cEDL | ||
| 041 | _2eng | ||
| 041 | _aeng | ||
| 084 | _a823.03 MUK | ||
| 084 | _qEDL | ||
| 100 |
_aMukherjee, Meenakshi _91232477 |
||
| 245 | 4 | _aThe Twice born fiction: Themes and techniques of the Indian novel in English | |
| 245 | 0 | _cMukherjee, Meenakshi | |
| 260 | _aDelhi | ||
| 260 | _bPencraft International | ||
| 260 | _c2010 | ||
| 300 | _a215p | ||
| 942 | _cTB | ||
| 942 | _h823.03 MUK | ||
| 999 |
_c1847159 _d1847159 |
||